[Event "ROM-ch U16"]
[Site "Calimanesti Caciulata"]
[Date "2016.04.23"]
[Round "7"]
[White "Gotsman, Szabolcs Mihaly"]
[Black "Cretiu, Codreanu Tudor"]
[Result "1/2-1/2"]
[WhiteElo "1216"]
[BlackElo "1497"]
[PlyCount "98"]
[EventDate "2016.04.18"]
[EventType "swiss"]
[EventRounds "9"]
[EventCountry "ROU"]
[SourceTitle "CBM 172 Extra"]
[Source "ChessBase"]
[SourceDate "2016.06.21"]
[SourceVersion "1"]
[SourceVersionDate "2016.06.21"]
[SourceQuality "1"]

1. e4 c5 2. Nf3 d6 3. d4 cxd4 4. Nxd4 Nf6 5. Nc3 g6 6. Nf3 Qa5 7. Bd2 Bg7 8. Bd3 0-0 9. 0-0 Nc6 10. Nd5 Qd8 11. Nxf6+ Bxf6 12. c3 Bg4 13. Be2 Rc8 14. h3 Bxf3 15. Bxf3 Ne5 16. Be2 d5 17. Bh6 Bg7 18. Bxg7 Kxg7 19. exd5 Qa5 20. Bf3 Rfd8 21. Re1 Nxf3+ 22. Qxf3 Rxd5 23. Rxe7 Rf5 24. Qxb7 Rd8 25. Qxa7 Qb5 26. Qb7 Qc5 27. Qa7 Qb5 28. b3 Rd2 29. Rf1 Qd3 30. Qd4+ Qxd4 31. cxd4 Rxd4 32. Ra7 Rd2 33. a3 Rb2 34. b4 h5 35. g3 g5 36. f4 gxf4 37. Rxf4 Rxf4 38. gxf4 Kf6 39. a4 Rxb4 40. a5 Rxf4 41. a6 Ra4 42. Ra8 Ra2 43. a7 Kf5 44. Kf1 Kf4 45. Ke1 f5 46. Kd1 Kf3 47. Rf8 Rxa7 48. Rxf5+ Kg3 49. Rxh5 Ra4 1/2-1/2

[Event "ROM-ch U14"]
[Site "Calimanesti"]
[Date "2015.04.02"]
[Round "5"]
[White "Cretiu, Codreanu Tudor"]
[Black "Dobra, Robert Cristian"]
[Result "1-0"]
[WhiteElo "1374"]
[BlackElo "1121"]
[PlyCount "97"]
[EventDate "2015.03.30"]
[EventType "swiss"]
[EventRounds "9"]
[EventCountry "ROU"]
[SourceTitle "CBM 165 Extra"]
[Source "ChessBase"]
[SourceDate "2015.04.21"]
[SourceVersion "1"]
[SourceVersionDate "2015.04.21"]
[SourceQuality "1"]

1. e4 e5 2. Nf3 Nc6 3. d4 exd4 4. Nxd4 d6 5. Bb5 Bd7 6. Nxc6 Bxc6 7. Bxc6+ bxc6 8. 0-0 Be7 9. Nc3 Nf6 10. Bf4 0-0 11. Qf3 Qd7 12. Rad1 Rad8 13. e5 Ne8 14. Rfe1 d5 15. Be3 a5 16. a3 f6 17. exf6 Nxf6 18. Qe2 Qe6 19. Bg5 Qxe2 20. Rxe2 Bc5 21. Re6 Bd6 22. Bxf6 Rxf6 23. Rxf6 gxf6 24. g3 Re8 25. Rd4 Bc5 26. Ra4 Bb6 27. Rf4 Kf7 28. Rh4 Rh8 29. Ne2 f5 30. Nd4 Bxd4 31. Rxd4 Ke6 32. Ra4 Ra8 33. Kf1 c5 34. Rf4 Rb8 35. b3 d4 36. Rf3 Rf8 37. Ke2 h5 38. h4 Ra8 39. a4 Rf8 40. Kd3 Kd5 41. Rf4 c6 42. f3 Rf7 43. g4 hxg4 44. fxg4 Ke5 45. Rxf5+ Rxf5 46. gxf5 Kxf5 47. Kc4 Kg4 48. Kxc5 Kxh4 49. Kxd4 1-0

[Event "ROM-ch U14"]
[Site "Calimanesti"]
[Date "2015.04.01"]
[Round "3"]
[White "Cretiu, Codreanu Tudor"]
[Black "Stan, Andrei Mihaita"]
[Result "0-1"]
[WhiteElo "1374"]
[BlackElo "1601"]
[PlyCount "126"]
[EventDate "2015.03.30"]
[EventType "swiss"]
[EventRounds "9"]
[EventCountry "ROU"]
[SourceTitle "CBM 165 Extra"]
[Source "ChessBase"]
[SourceDate "2015.04.21"]
[SourceVersion "1"]
[SourceVersionDate "2015.04.21"]
[SourceQuality "1"]

1. c4 e6 2. g3 d5 3. cxd5 exd5 4. Bg2 Nf6 5. Nf3 Bd6 6. 0-0 0-0 7. Nc3 c6 8. d3 Bf5 9. Bg5 Be7 10. Nd4 Qd7 11. Qb3 Bg6 12. Rac1 Na6 13. Qd1 h6 14. Bxf6 Bxf6 15. Nb3 Rfe8 16. Qd2 Re7 17. Na4 Qg4 18. e4 dxe4 19. dxe4 Bxe4 20. f3 Bxf3 21. Bxf3 Qxa4 22. Qa5 Qxa5 23. Nxa5 Bxb2 24. Rb1 Bd4+ 25. Kh1 Bb6 26. Nc4 Rae8 27. Nxb6 axb6 28. Rxb6 Re1 29. Rxe1 Rxe1+ 30. Kg2 Nc5 31. Rb2 Rc1 32. a4 Ra1 33. Rb4 Rxa4 34. Rxa4 Nxa4 35. Kf2 Kf8 36. Ke3 Ke7 37. Kd4 Kd6 38. Bd1 Nc5 39. Bg4 b5 40. Bh5 g6 41. Bd1 f6 42. Bc2 g5 43. Bd1 f5 44. g4 Ne6+ 45. Kc3 f4 46. Bf3 c5 47. Be2 Nd4 48. Bf1 Ke5 49. h3 f3 50. Kd3 Kf4 51. Kd2 f2 52. Bxb5 Nxb5 53. Ke2 Kg3 54. Kf1 c4 55. h4 c3 56. hxg5 hxg5 57. Ke2 Kg2 58. Ke3 Nd4 59. Kd3 f1Q+ 60. Kxd4 c2 61. Ke4 c1Q 62. Kd4 Qfc4+ 63. Ke5 Q1f4# 0-1